Services Marketing: Text and Cases (Record no. 4450)

MARC details
000 -LEADER
fixed length control field 00340nam a2200145Ia 4500
008 - FIXED-LENGTH DATA ELEMENTS--GENERAL INFORMATION
fixed length control field 191201s2009 xx 000 0 und d
082 ## - DEWEY DECIMAL CLASSIFICATION NUMBER
Classification number 659
Item number VES
100 ## - MAIN ENTRY--PERSONAL NAME
Personal name VERMA,Harsh V
245 #0 - TITLE STATEMENT
Title Services Marketing: Text and Cases
250 ## - EDITION STATEMENT
Edition statement 2nd IMP
260 ## - PUBLICATION, DISTRIBUTION, ETC. (IMPRINT)
Place of publication, distribution, etc N. Delhi
Name of publisher, distributor, etc Pearson
Date of publication, distribution, etc 2009
300 ## - PHYSICAL DESCRIPTION
Extent 470
650 ## - SUBJECT ADDED ENTRY--TOPICAL TERM
Topical term or geographic name as entry element BBA
942 ## - ADDED ENTRY ELEMENTS (KOHA)
Source of classification or shelving scheme Dewey Decimal Classification
Koha item type Text Books
Holdings
Withdrawn status Lost status Source of classification or shelving scheme Damaged status Not for loan Collection code Home library Current library Date acquired Source of acquisition Cost, normal purchase price Bill Number Total Checkouts Full call number Acc. no. / Barcode Date last seen Bill Date Koha item type Checked out Date last borrowed Public note
    Dewey Decimal Classification     BBA PIET C-LIBRARY PIET C-LIBRARY 24/04/2010 J B C, New Delhi 350.00 SI-4892   658.8 VES 15013 04/12/2019 09/03/2010 Text Books      
    Dewey Decimal Classification     BBA PIET C-LIBRARY PIET C-LIBRARY 24/04/2010 J B C, New Delhi 350.00 SI-4892   658.8 VES 15014 04/12/2019 09/03/2010 Text Books      
    Dewey Decimal Classification     BBA PIET C-LIBRARY PIET C-LIBRARY 24/04/2010 J B C, New Delhi 350.00 SI-4892   658.8 VES 15015 04/12/2019 09/03/2010 Text Books      
    Dewey Decimal Classification     BBA PIET C-LIBRARY PIET C-LIBRARY 24/04/2010 J B C, New Delhi 350.00 SI-4892   658.8 VES 15016 04/12/2019 09/03/2010 Text Books      
    Dewey Decimal Classification     BBA PIET C-LIBRARY PIET C-LIBRARY 24/04/2010 J B C, New Delhi 350.00 SI-4892 1 658.8 VES 15017 22/01/2022 09/03/2010 Text Books 21/07/2022 22/01/2022 .
    Dewey Decimal Classification     BBA PIET C-LIBRARY PIET C-LIBRARY 24/04/2010 J B C, New Delhi 350.00 SI-4892   658.8 VES 15018 04/12/2019 09/03/2010 Text Books      

Design & Developed by: PIET Central Library
R70 Miles Stone Pattikalyana Samalkha Panipat 132102
mail ID :- [email protected], Phone No:- 0180-2569700 Ex.216